The long-term experimental hypodynamy mimicking microgravity during the space flight affects the structure of long bones of the Japanese quails

Bibliographic Details
Main Authors: Zibrín, Martin, 1942- (Author), Kočišová, J. (Author), Tomajková, Eva (Author), Komorová, Tatiana (Author), Boďa, Koloman, 1927-2005 (Author), Sabo, V. (Author)
Corporate Author: Moravské morfologické dni (Author)
Format: Conference Proceeding Article
Language:English
ISSN:1211-3395
Subjects:

MARC

LEADER 00000nab a2200000 a 4500
001 vtls000857561
003 SK-MaSNL
005 20260304232756.0
008 160405c2002 xo 0 eng
015 |a SNBRB2003/12-ccccc 
035 |a CLN000209215 
040 |a SNKBUCL  |b slo  |c SNKBUCL  |e AACR2 
041 0 |a eng 
044 |a xo  |c SK 
080 |a 57.02:598.617:572.781:061.3  |2 1997 
245 0 4 |a The long-term experimental hypodynamy mimicking microgravity during the space flight affects the structure of long bones of the Japanese quails  |c M. Zibrín ... [et al.] 
650 0 7 |a remodelácia kostí  |2 MESH  |9 187126 
650 0 7 |a hypokinéza  |2 MESH  |9 1344910 
650 0 7 |a prepelica  |2 MESH  |9 116911 
650 0 7 |a modely biologické  |2 MESH  |9 1055479 
650 0 7 |a modelovanie a simulácia  |2 MESH  |9 3666 
650 0 7 |a abstrakty z kongresu  |2 MESH  |9 168204 
650 0 7 |a prepelica japonská  |2 MESH  |9 120362 
650 0 7 |a bezváhový stav  |2 MESH  |9 1435646 
655 7 |a články z novín a časopisov  |2 snkbucl  |9 267496 
700 1 |a Zibrín, Martin,  |d 1942-  |4 aut  |9 38853 
700 1 |a Kočišová, J.  |4 aut  |9 834628 
700 1 |a Tomajková, Eva  |4 aut  |9 8924 
700 1 |a Komorová, Tatiana  |4 aut  |9 18404 
700 1 |a Boďa, Koloman,  |d 1927-2005  |4 aut  |9 109398 
700 1 |a Sabo, V.  |4 aut  |9 834633 
711 2 |a Moravské morfologické dni  |n (3. :  |d 2001 :  |c Brno, Česko)  |4 aut  |9 240190 
773 0 |x 1211-3395  |t Scripta medica  |g Vol. 75, no. 6 (2002), s. 340 
850 |a Slovenská národná knižnica v Martine 
852 |a SNK  |b KIS3GCP 
958 |a MI 
958 |a RBX 
999 |c 3195321  |d 3197251